Outsourcing und Beschäftigung <Die> Folgen betriebsübergreifender Kooperation für die Gestaltung von Arbeit

Saved in:
Bibliographic Details
Main Author: Hendrix, Ulla
Other Authors: Abendroth, Claudia, Wachtler, Günther
Format: Book
Language:German
Published: München und Mering Reiner Hampp Verlag 2003
Subjects:
Tags: Add Tag
No Tags, Be the first to tag this record!

MARC

LEADER 00000nam$a2200000$$$4500
001 0010839
005 20240314090444.9
020 |a 3-87988-785-3 
041 0 |a ger 
044 |a DE 
245 1 0 |a Outsourcing und Beschäftigung  |b <Die> Folgen betriebsübergreifender Kooperation für die Gestaltung von Arbeit  |c Ulla Hendrix, Claudia Abendroth, Günther Wachtler 
264 1 |a München und Mering  |b Reiner Hampp Verlag  |c 2003 
300 |a 211 s. 
610 2 0 |a outsourcing 
610 2 0 |a zamestnanosť 
610 2 0 |a kooperácia 
610 2 0 |a podnik 
610 2 0 |a spolupráca podnikov 
610 2 0 |a personál 
610 2 0 |a kvalifikácia 
610 2 0 |a práca 
100 1 |a Hendrix, Ulla 
700 1 |a Abendroth, Claudia 
700 1 |a Wachtler, Günther